[Event "Avoine op 23rd"]
[Site "Avoine"]
[Date "2008.07.26"]
[Round "8"]
[White "Maleki, Manuel"]
[Black "Bouilloux, Clement"]
[Result "1-0"]
[WhiteElo "2197"]
[BlackElo "1691"]
[PlyCount "101"]
[EventDate "2008.07.19"]
[EventType "swiss"]
[EventRounds "9"]
[EventCountry "FRA"]
[SourceTitle "CBM 125 Extra"]
[Source "ChessBase"]
[SourceDate "2008.09.01"]
[SourceVersion "1"]
[SourceVersionDate "2008.09.01"]
[SourceQuality "1"]

1. Nf3 d5 2. d4 Nf6 3. c4 e6 4. Nc3 Nbd7 5. g3 Be7 6. Bg2 0-0 7. 0-0 Nb6 8. c5 Nbd7 9. b4 c6 10. Bf4 Nh5 11. e3 Nxf4 12. exf4 b6 13. Qa4 Bb7 14. Rfb1 Qc8 15. Bf1 Rd8 16. Bd3 g6 17. h4 h5 18. Qc2 Kg7 19. Qe2 Bf6 20. Ne5 Rh8 21. Rc1 Nxe5 22. fxe5 Be7 23. Rab1 f6 24. exf6+ Bxf6 25. Qe3 Re8 26. f4 Re7 27. Kg2 Qd7 28. a4 Rc8 29. Bc2 Kf7 30. Qd3 Rg8 31. Ne2 Rg7 32. Ng1 Kg8 33. Nf3 Re8 34. Re1 Ree7 35. Re3 Re8 36. Rbe1 Ree7 37. Qe2 Bc8 38. Bd3 Kh7 39. Kf2 Rg8 40. Kg2 Rgg7 41. Kf2 Rg8 42. Qc2 Rgg7 43. Bf1 Rg8 44. Kg1 Rge8 45. Bh3 Kg7 46. Bf1 Kh7 47. Bd3 Rg8 48. Qe2 Rgg7 49. Ne5 Bxe5 50. Qxh5+ Kg8 51. Qxe5 1-0

[Event "FRA-chT2 East 0607"]
[Site "France"]
[Date "2007.02.11"]
[Round "7.8"]
[White "Bouilloux, Clement"]
[Black "Cechetto, Lea"]
[Result "1/2-1/2"]
[WhiteElo "1608"]
[BlackElo "1770"]
[PlyCount "115"]
[EventDate "2006.10.15"]
[EventType "team"]
[EventRounds "11"]
[EventCountry "FRA"]
[SourceTitle "EXT 2008"]
[Source "ChessBase"]
[SourceDate "2007.11.25"]
[SourceVersion "1"]
[SourceVersionDate "2007.11.25"]
[SourceQuality "1"]
[WhiteTeam "Montrevel en Bresse"]
[BlackTeam "Belfort"]
[WhiteTeamCountry "FRA"]
[BlackTeamCountry "FRA"]

1. e4 e5 2. Nf3 Nc6 3. Bb5 a6 4. Bxc6 dxc6 5. 0-0 f6 6. h3 c5 7. d3 Be6 8. Be3 Qd7 9. Nbd2 h5 10. Qe2 g5 11. h4 g4 12. Nh2 Nh6 13. a3 0-0-0 14. Rad1 Bd6 15. Rfe1 f5 16. Bxh6 Rxh6 17. exf5 Bxf5 18. Ne4 Rf8 19. Qe3 Rg6 20. Nxc5 Qb5 21. b4 a5 22. Ra1 Bxc5 23. bxc5 Rc6 24. Qxe5 Rxc5 25. Qe7 Rd8 26. c4 Qc6 27. Rad1 Qd6 28. Qxd6 Rxd6 29. d4 Rxc4 30. Re5 Bc2 31. Rd2 Rdxd4 32. Rxd4 Rxd4 33. f3 g3 34. Nf1 Rd1 35. Re3 Bd3 36. Rxd3 Rxd3 37. Nxg3 Rxa3 38. Nxh5 b5 39. Nf4 b4 40. h5 b3 41. Nd3 Ra4 42. g4 Rd4 43. Nb2 Rd6 44. g5 Rd5 45. f4 Kd7 46. h6 Ke6 47. h7 Rd8 48. g6 Kf6 49. f5 Kg7 50. Kf2 Rf8 51. Ke3 Rxf5 52. Kd3 c5 53. Kc4 Rf4+ 54. Kxb3 Rb4+ 55. Kc3 Rh4 56. Nd3 Kxg6 57. Nxc5 Rxh7 58. Kc4 1/2-1/2